000 01076nam a2200265 i 4500
003 DO-SdBNP
005 20240620101841.0
007 ta
008 240620s2011 xxu 000 j spa d
020 _a9781616058968
040 _aDO-SdBNP
_bspa
_cBNPHU
_erda
082 _bS487
_222
100 _aSerrano, Marcela,
_d1951-
_923453
_eautora
245 1 0 _aDiez mujeres /
_cMarcela Serrano
264 1 _aEstados Unidos :
_bAlfaguara,
_bPrisa ediciones,
_bSantillana
_c2011.
300 _a300 páginas,
_c23 cm.
336 _2rdacontent
_atexto
_btxt
337 _2rdamedia
_asin mediación
_bn
338 _2rdacarrier
_avolumen
_bnc
500 _aUn retrato implacable del alma femenina por la autora de "El albergue de las mujeres tristes".
520 _aNueve mujeres, muy distintas entre si y que nunca se han visto antes, comparten sus historias. Natasha, su terapeuta, ha decidido reunirlas en la convicción de que las heridas empiezan a sanar cuando se rompen las cadenas del silencio.
590 _aInventariado, 2024/ YL
910 _aYLockward
942 _2ddc
_cLBS1
999 _c56904
_d56904